| 000 | 01157nam a2200241Ia 4500 | ||
|---|---|---|---|
| 999 |
_c54334 _d54334 |
||
| 001 | 21390 | ||
| 003 | GE_BSU | ||
| 005 | 20211103160412.0 | ||
| 008 | 181216s2015||||ge |||||||||||||| ||geo|| | ||
| 020 | _a9789941083013 | ||
| 040 | _cGE_BSU | ||
| 041 | _ageo | ||
| 080 | _a656.13 ვ-19 | ||
| 100 |
_aვანდერბილთი, ტომ _912803 |
||
| 245 |
_aსაგზაო მოძრაობა : _b რატომ ვატარებთ მანქანას ისე, როგორც ვატარებთ და რას ამბობს ეს ჩვენ შესახებ / _cტომ ვანდერბილთი ; რედ. ნ. ჯავახიშვილი ; მთარგმნ. გ. ბერაძე. |
||
| 264 |
_aთბილისი : _bრადარამი, _c2015. |
||
| 300 |
_a372 გვ. ; _c21 სმ. |
||
| 541 | _h12 ლ. | ||
| 653 | _aსაგზაო მოძრაობა | ||
| 700 |
_aჯავახიშვილი, ნ. _eრედაქტორი _912804 |
||
| 700 |
_aბერაძე, გ. _eმთარგმნელი _910073 |
||
| 942 |
_cBK _2udc |
||